Fuel Performance Comparison of Uranium Nitride and Uranium Carbide in VVER-1200 using OpenMC / (Record no. 613263)

000 -LEADER
fixed length control field 00490nam a22001577a 4500
082 ## - DEWEY DECIMAL CLASSIFICATION NUMBER
Classification number 621.32
Author Mark MEE
100 ## - MAIN ENTRY--PERSONAL NAME
Personal name Meekal Jamil (361624)
245 ## - TITLE STATEMENT
Title Fuel Performance Comparison of Uranium Nitride and Uranium Carbide in VVER-1200 using OpenMC /
264 ## - PRODUCTION, PUBLICATION, DISTRIBUTION, MANUFACTURE, AND COPYRIGHT NOTICE
Place of production, publication, distribution, manufacture Islamabad :
Name of producer, publisher, distributor, manufacturer USPCAS-E, NUST
Date of production, publication, distribution, manufacture, or copyright notice Nov, 2025
300 ## - PHYSICAL DESCRIPTION
Extent xiv, 40 p.
Accompanying material +CD
520 ## - SUMMARY, ETC.
Summary, etc. TH-602
650 ## - SUBJECT ADDED ENTRY--TOPICAL TERM
Topical term or geographic name entry element MS ESE Thesis
650 ## - SUBJECT ADDED ENTRY--TOPICAL TERM
Topical term or geographic name entry element MS Thesis
700 ## - ADDED ENTRY--PERSONAL NAME
Personal name Supervisor: Dr. Majid Ali
942 ## - ADDED ENTRY ELEMENTS (KOHA)
Source of classification or shelving scheme
Koha item type Thesis
Holdings
Withdrawn status Permanent Location Current Location Date acquired Full call number Barcode Koha item type
  US-Pakistan Center for Advanced Studies in Energy (USPCAS-E) US-Pakistan Center for Advanced Studies in Energy (USPCAS-E) 03/12/2025 621.32 MEE CAS-ETH0000602 Thesis
© 2023 Central Library, National University of Sciences and Technology. All Rights Reserved.